La pubblicità non è una cosa da bambini (Record n. 210314)
[ formato base ]
| 000 -LEADER | |
|---|---|
| fixed length control field | 01520nam a2200205Ia 4500 |
| 001 - CONTROL NUMBER | |
| control field | b6706-48005 |
| 003 - CONTROL NUMBER IDENTIFIER | |
| control field | IT-MiCISF |
| 008 - FIXED-LENGTH DATA ELEMENTS--GENERAL INFORMATION | |
| fixed length control field | 161014s9999||||xx |||||||||||||| ||und|| |
| 040 ## - CATALOGING SOURCE | |
| Original cataloging agency | IT-MiCISF |
| Transcribing agency | IT-MiCISF |
| 041 ## - LANGUAGE CODE | |
| Language code of text/sound track or separate title | it |
| 999 ## - SYSTEM CONTROL NUMBERS (KOHA) | |
| Koha Dewey Subclass [OBSOLETE] | si |
| 100 ## - MAIN ENTRY--PERSONAL NAME | |
| Personal name | Landi Paolo |
| 245 #0 - TITLE STATEMENT | |
| Title | La pubblicità non è una cosa da bambini |
| 250 ## - EDITION STATEMENT | |
| Edition statement | 1a ed. |
| 260 ## - PUBLICATION, DISTRIBUTION, ETC. (IMPRINT) | |
| Place of publication, distribution, etc. | Brescia |
| Name of publisher, distributor, etc. | La Scuola |
| Date of publication, distribution, etc. | 2009 |
| 300 ## - PHYSICAL DESCRIPTION | |
| Extent | pp. 95 |
| 500 ## - GENERAL NOTE | |
| General note | / società, pubblicità, infanzia, consumi / Spesso la pubblicità propone messaggi consumistici che trasformano i bambini in piccoli adulti. Come si può scardinare questo meccanismo, educando i bambini alla bellezza invece che al possesso, alla concordia invece che alla competizione? Questo libro, come una guida rapida di semplice lettura, trattando un tema di forte attualità, diviene un pretesto per parlare dei problemi dell'educazione dei bambini di oggi. Ricorda infatti l'A. che - crescendo legati ai valori materialistici - i bambini avranno maggiori probabilità di incorrere da grandi in comportamenti a rischio, soffriranno di più quanto a disturbi della personalità, deficit di attenzione, ansie da prestazione, narcisismo, spesso destinati a sfociare nei tipici comportamenti del bullismo. Alla radice è tutta questione non della pubblicità, ma della pubblicità cattiva: quella che diseducando ha responsabilità nemmeno immaginate: oggi tra i banchi delle scuole, domani nella vita. |
| 650 ## - SUBJECT ADDED ENTRY--TOPICAL TERM | |
| Topical term or geographic name as entry element | Famiglia nella società / mass-media |
| Relator term | 006 |
| 942 ## - ADDED ENTRY ELEMENTS (KOHA) | |
| Koha item type | LIBRO |
| 957 ## - | |
| -- | 1 |
| 999 ## - SYSTEM CONTROL NUMBERS (KOHA) | |
| -- | 1 |
| Withdrawn status | Lost status | Damaged status | Not for loan | Home library | Current library | Date acquired | Total Checkouts | Full call number | Date last seen | Price effective from | Koha item type | Public note |
|---|---|---|---|---|---|---|---|---|---|---|---|---|
| Buone Condizioni | Not For Loan | CISF - Milano | CISF - Milano | 14/10/2016 | b6706-48005 | 14/10/2016 | 14/10/2016 | LIBRO | Data import 15.10.2016 / by Epidotti, Vaglietti |